مكتبة جامعة عجلون الوطنية

فهرس بحث المكتبة

Normal view MARC view
  • الوعظ والارشاد- ابو حنيفة النعمان

Entry Topical Term

Number of records used in: 1

001 - CONTROL NUMBER

  • control field: 7977

003 - CONTROL NUMBER IDENTIFIER

  • control field: JO-AjAnu

005 - DATE AND TIME OF LATEST TRANSACTION

  • control field: 20230606071604.0

008 - FIXED-LENGTH DATA ELEMENTS

  • fixed length control field: 230606|| aca||aabn | a|a d

040 ## - CATALOGING SOURCE

  • Original cataloging agency: JO-AjAnu
  • Transcribing agency: JO-AjAnu

150 ## - HEADING--TOPICAL TERM

  • Topical term or geographic name entry element: الوعظ والارشاد- ابو حنيفة النعمان

670 ## - SOURCE DATA FOUND

  • Source citation: Work cat.: (JO-AjAnu)4119: تحقيق: الحنفي، أكمل الدين محمد بن محمد البابرتي ؛ تحقيق واخراج احاديث وتعليق: محمد صبحي العايدي ، حمزة محمد البكري, author 7976, شرح وصية الإمام ابي حنيفة رضي الله عنه